| 000 | 00714nam a2200253Ia 4500 | ||
|---|---|---|---|
| 003 | OSt | ||
| 005 | 20220918211937.0 | ||
| 006 | a|||||r|||| 00| 0 | ||
| 007 | ta | ||
| 008 | 220917b |||||||| |||| 00| 0 eng d | ||
| 024 | _a126,329 | ||
| 037 | _cTextual | ||
| 040 |
_aARTS _cARTS _beng |
||
| 041 |
_2eng _aeng |
||
| 082 | _aW,8:(D65,8(2:55), L8 | ||
| 100 |
_aNorris G _9121812 |
||
| 245 | 0 | _aChoosing and managing information systems for public administration | |
| 260 |
_aWest mead _bSaxon _c1978 |
||
| 300 |
_a113p. _ccm. |
||
| 650 | _aPOLITICAL SCIENCE | ||
| 700 |
_a Ewart W _9121813 |
||
| 942 |
_hW,8:(D65,8(2:55), L8 _cTEXL _2CC |
||
| 999 |
_c249474 _d249474 |
||